00583nam a2200181Ia 45000030006000000050017000060080041000230400009000640410012000730820017000851000022001022450133001242600014002573000008002719420007002799990017002869520098003030Nust20170105110300.0161124s9999 xx 000 0 und d cIGIS aEnglish a910.285bCHA aKang -Tsung Chang aGovernment of pakistan ministry of Food and Agriculture and Livestock Reconnaissance soil Survey Chagai and Kharan Districts1988 ausac2012 a441 cBK c31147d31147 001040708TextaIGISbIGISd0000-00-00l0o910.285CHApIGIS1055r2017-01-05w0000-00-00yBK